| 000 | 01289nam1a22003131 4500 | ||
|---|---|---|---|
| 001 | v19\rc\1604771 | ||
| 005 | 20070504082439.0 | ||
| 035 | _a(NLR Aleph) 005217266 | ||
| 090 |
_a5469693 _c5469692 |
||
| 100 | _a20061002d1896 |||y0rusy50 ca | ||
| 101 | 0 | _arus | |
| 102 | _aRU | ||
| 105 | _a j ||||| | ||
| 200 | 1 |
_aКраткий учебник огородничества и плодоводства для низших школ _fСост. учитель Горец. земледельч. уч-ща М. Рытов. Ч. [1]-2 |
|
| 210 |
_aСанкт-Петербург _cтип. С. Добродеева _d1896 |
||
| 215 |
_a2 т. _d23 |
||
| 311 | _aПрил. к журн. "Плодоводство" за 1895-1896 г. | ||
| 316 |
_aЭкз. РНБ (2/1182): приплетен к журн. ... _5NLR: 2/1182 |
||
| 422 | 0 | _12001#$aПлодоводство$v1895-1896 | |
| 482 | 0 | _12001#$aПлодоводство$v1895-1896 | |
| 700 | 1 |
_aРытов _bМ. В. _f1846-1920 _gМихаил Васильевич _4220 |
|
| 801 | 0 |
_aRU _bNLR _c20061002 _gpsbo |
|
| 801 | 0 |
_aRU _bRuMoRGB _c20061002 _2psbo |
|
| 801 | 1 |
_aRU _bProSoft-M _c20061002 _2rusmarc |
|
| 801 | 2 |
_aRU _bNLR _c20070220 _2rusmarc |
|
| 852 |
_aNLR _j20.57.2.18 |
||
| 852 |
_aNLR _j2/1182(период.) |
||
| 942 | _cBOOK | ||
| 980 | _aNB | ||